000 00415nam a2200181Ia 4500
001 2263
005 20260306143829.0
008 260306t1968||||xx |||||||||||||| ||spa||
041 _aESP
082 _a616.852
_bG86
100 _aGuex, Germaine,
_eAUT
245 0 _aLa neurosis de abandono
260 _c1968
300 _a180 páginas :
_c18 cm.
650 _aGEN
654 _aCPS
942 _cLIB
_dJUS
_fJUS
_2ddc
_n
999 _c2263
_d2263